<?xml version="1.0" encoding="UTF-8"?>
<record
    xmlns:xsi="http://www.w3.org/2001/XMLSchema-instance"
    xsi:schemaLocation="http://www.loc.gov/MARC21/slim http://www.loc.gov/standards/marcxml/schema/MARC21slim.xsd"
    xmlns="http://www.loc.gov/MARC21/slim">

  <leader>00426nam a2200133Ia 4500</leader>
  <controlfield tag="008">240614s9999    xx            000 0 und d</controlfield>
  <datafield tag="041" ind1=" " ind2=" ">
    <subfield code="a">mar</subfield>
  </datafield>
  <datafield tag="100" ind1=" " ind2=" ">
    <subfield code="a">&#x92E;&#x939;&#x93E;&#x902;&#x921;&#x942;&#x933;&#x947;, &#x936;&#x93E;&#x930;&#x926;&#x93E;</subfield>
    <subfield code="9">203435</subfield>
  </datafield>
  <datafield tag="245" ind1=" " ind2=" ">
    <subfield code="a">&#x90F;&#x915;&#x91F;&#x940;&#x91A; &#x92F;&#x93E; &#x935;&#x933;&#x923;&#x93E;&#x935;&#x930; : &#x930;&#x921;&#x93E;&#x92F;&#x91A;&#x902; &#x928;&#x93E;&#x939;&#x940; &#x932;&#x922;&#x93E;&#x92F;&#x91A;&#x902; </subfield>
  </datafield>
  <datafield tag="250" ind1=" " ind2=" ">
    <subfield code="a">1st</subfield>
  </datafield>
  <datafield tag="260" ind1=" " ind2=" ">
    <subfield code="b">Durvankur</subfield>
    <subfield code="c">2016</subfield>
    <subfield code="a">Ahmednagar</subfield>
  </datafield>
  <datafield tag="300" ind1=" " ind2=" ">
    <subfield code="a">304</subfield>
  </datafield>
  <datafield tag="650" ind1=" " ind2=" ">
    <subfield code="a">Sociology</subfield>
    <subfield code="9">119052</subfield>
  </datafield>
  <datafield tag="999" ind1=" " ind2=" ">
    <subfield code="c">358643</subfield>
    <subfield code="d">358643</subfield>
  </datafield>
  <datafield tag="952" ind1=" " ind2=" ">
    <subfield code="0">0</subfield>
    <subfield code="1">0</subfield>
    <subfield code="2">ddc</subfield>
    <subfield code="4">0</subfield>
    <subfield code="7">0</subfield>
    <subfield code="8">ICSSR Project</subfield>
    <subfield code="a">SSMM</subfield>
    <subfield code="b">SSMM</subfield>
    <subfield code="d">2022-09-11</subfield>
    <subfield code="e">Bookganga</subfield>
    <subfield code="g">290.00</subfield>
    <subfield code="i">2258</subfield>
    <subfield code="l">0</subfield>
    <subfield code="p">SSMM-BK-23136</subfield>
    <subfield code="r">2024-06-14 00:00:00</subfield>
    <subfield code="w">2022-11-10</subfield>
    <subfield code="y">BK</subfield>
    <subfield code="z">010023136</subfield>
  </datafield>
</record>
